Bài tập thủy lực và máy thủy lực : Toàn tập
Những bài tập trong sách sắp xếp theo từng chương. Đầu mỗi chương có một số ví dụ minh họa và tiếp theo đó là các đầu bài liên quan đến các ngành công nghiệp khác nhau, mỗi bài đều có đáp số, riêng những bài khó còn có hướng dẫn cầ...
保存先:
| 第一著者: | |
|---|---|
| フォーマット: | 図書 |
| 言語: | Undetermined |
| 出版事項: |
Hà Nội
ĐH và THCN
1976
|
| 主題: | |
| タグ: |
タグ追加
タグなし, このレコードへの初めてのタグを付けませんか!
|
| Thư viện lưu trữ: | Trung tâm Học liệu Trường Đại học Cần Thơ |
|---|
| LEADER | 01012nam a2200205Ia 4500 | ||
|---|---|---|---|
| 001 | CTU_16730 | ||
| 008 | 210402s9999 xx 000 0 und d | ||
| 082 | |a 627.076 | ||
| 082 | |b B103 | ||
| 100 | |a Nguyễn, Phước Hoàng | ||
| 245 | 0 | |a Bài tập thủy lực và máy thủy lực : | |
| 245 | 0 | |b Toàn tập | |
| 245 | 0 | |c Nguyễn Phước Hoàng, Ngô Vi Châu | |
| 260 | |a Hà Nội | ||
| 260 | |b ĐH và THCN | ||
| 260 | |c 1976 | ||
| 520 | |a Những bài tập trong sách sắp xếp theo từng chương. Đầu mỗi chương có một số ví dụ minh họa và tiếp theo đó là các đầu bài liên quan đến các ngành công nghiệp khác nhau, mỗi bài đều có đáp số, riêng những bài khó còn có hướng dẫn cần thiết. | ||
| 650 | |a Hydraulic machinery,Hydraulics | ||
| 650 | |x Problems, exercises | ||
| 980 | |a Trung tâm Học liệu Trường Đại học Cần Thơ | ||